| 000 | 00866nam a22002297a 4500 | ||
|---|---|---|---|
| 999 |
_c19958 _d19958 |
||
| 003 | AR-CdUCM | ||
| 008 | 190524b ||||| |||| 00| 0 spa d | ||
| 040 |
_aMUNICIPALIDAD PROVINCIAL DEL CUSCO _cBIBLIOTECA MUNICIPAL DEL CUSCO |
||
| 041 | _hrus | ||
| 082 |
_a146 / _bK74 |
||
| 100 |
_aKonstantinov, F. V. _928175 |
||
| 245 | _aLos fundadores de la filosofía marxista / | ||
| 260 |
_aMexíco D. F. : _bGrijalbo, _c1959. |
||
| 300 |
_a651 páginas ; _c22 cm. |
||
| 505 | _aContenido: Objeto de la filosofía -- La lucha del materialismo y el idealismo en la historia de la filosofía, antes del marxismo -- Nacimiento y desarrollo de la filosofía marxista... | ||
| 650 |
_aEl materialismo _939082 |
||
| 650 |
_aFilosofía marxista _914324 |
||
| 650 |
_aEl idealismo _941744 |
||
| 650 |
_aFilosofía _9395 |
||
| 942 |
_2ddc _cLIBROS |
||
| 945 |
_aAndy _d2019-05-24 |
||